ALTAR CINTA

Bibliographic Details
Main Author: Nuridhzuan Alfarikh (Author)
Format: Book
Published: Shah alam, selangor AQADA Institute ♭2017
Subjects:
LEADER 00730cam a2200217 i 4500
001 0000150722
005 20260406090000.0
008 260406t2017 my a e may
020 |a 9789671475317  |q paperback  |c RM30.00 
040 |a RMC  |b eng  |c RMC  |e rda 
090 0 0 |a FM  |b NUR 
100 1 |a Nuridhzuan Alfarikh  |e author 
245 1 0 |a ALTAR CINTA  |c Nuridhzuan Alfarikh 
264 1 |a Shah alam, selangor  |b AQADA Institute  |c ♭2017 
300 |a 359pages  |b illutrations  |c 21cm 
336 |a text  |2 rdacontent 
337 |a unmediated  |2 rdamedia 
338 |a volume  |2 rdacarrier 
650 1 0 |a Malaysian fiction (Malay) 
852 1 |a RMC 
999 |a 0000042528  |b Royal Military College  |d BOOKS  |e Fiksyen (FM)  |f Royal Military College  |j AVAILABLE  |q GOOD CONDITION